000
00277nam a2200097Ia 4500
008
240331s9999 xx 000 0 und d
082
_b
COO
100
_a
Coomarswami,R
245
3
_a
An annotated bibliography on vilence against women in south Asia actions and responses
942
_c
L
999
_c
4981
_d
4981